Statistics for Hitman 3 Countries

Click here to take the quiz!

General Stats

  • This quiz has been taken 96 times
    (27 since last reset)
  • The average score is 19 of 24

Answer Stats

MissionCountry% Correct
Another Life | Freedom Fighters | Golden Handshake | The Finish LineUnited States of America
100%
End of an EraChina
91%
Situs InversusJapan
91%
The Ark SocietyNorth Atlantic (off of UK)
87%
World of TomorrowItaly
87%
Apex PredatorGermany
87%
The ShowstopperFrance
87%
NightcallNew Zealand
83%
Death in the FamilyUnited Kingdom
83%
Chasing a GhostIndia
83%
Crime and PunishmentRussia
78%
ICA Training FacilityDenmark - Greenland (Australia and Cuba)
78%
A Gilded CageMorocco
74%
The Last YardbirdAustria
74%
On Top of the WorldUnited Arab Emirates
70%
Three-Headed SerpentColombia
70%
Club 27Thailand
70%
The FarewellArgentina
57%
UntouchableRomania
57%
The Pen and The SwordSingapore
52%
The Last ResortMaldives
48%

Score Distribution

Percentile by Number Answered

Percent of People with Each Score

Your Score History

You have not taken this quiz since the last reset